Billboard Hot 100 Year-end Singles of 2025 - Statistics

General Stats
  • This quiz has been taken 82 times
  • The average score is 37 of 100
Answer Stats
Rank Artist (Version) Answer % Correct
1. Lady GaGa, Bruno Mars Die With A Smile
92%
9. Rosé, Bruno Mars APT.
89%
12. Sabrina Carpenter Espresso
89%
4. Teddy Swims Lose Control
82%
7. Alex Warren Ordinary
82%
6. Benson Boone Beautiful Things
80%
5. Billie Eilish Birds Of A Feather
80%
89. Bad Bunny Nuevayol
80%
3. Shaboozey A Bar Song (Tipsy)
79%
25. HUNTR/X Golden
75%
17. Kendrick Lamar Not Like Us
74%
56. Lady GaGa Abracadabra
69%
39. Doechii Anxiety
69%
28. Lola Young Messy
69%
31. Chappell Roan Good Luck Babe
67%
8. Post Malone, Morgan Wallen I Had Some Help
67%
38. Sabrina Carpenter Manchild
67%
44. sombr Back to Friends
66%
2. Kendrick Lamar, SZA Luther
66%
47. Benson Boone Mystical Magical
66%
14. Gracie Abrams That's So True
66%
34. Hozier Too Sweet
66%
50. Sabrina Carpenter Please Please Please
62%
61. Saja Boys Soda Pop
59%
65. Wham! Last Christmas
57%
26. Billie Eilish Wildflower
57%
59. Mariah Carey All I Want For Christmas Is You
56%
10. Chappell Roan Pink Pony Club
56%
19. Sabrina Carpenter Taste
56%
46. Tate McRae Sports Car
54%
36. Gigi Perez Sailor Song
49%
22. Leon Thomas Mutt
48%
24. Drake Nokia
46%
29. Myles Smith Stargazing
46%
15. Kendrick Lamar, lefty gunplay tv off
46%
21. SZA, Kendrick Lamar 30 For 30
44%
60. Justin Bieber Daisies
44%
68. HUNTR/X How It's Done
44%
67. Brenda Lee Rockin' Around The Christmas Tree
44%
27. Morgan Wallen, Tate McRae What I Want
44%
51. Bad Bunny DtMF
43%
41. (Tyler, The Creator), Lil Wayne, Sexyy Red, Glorilla Sticky
39%
16. The Weeknd, Playboi Carti Timeless
39%
54. Saja Boys Your Idol
39%
30. Ravyn Lenae Love Me Not
38%
93. HUNTR/X Takedown
36%
42. sombr Undressed
36%
75. Doechii Denial Is A River
33%
92. Rumi, Jinu Free
33%
23. Shaboozey Good News
33%
32. The Marias No One Noticed
33%
37. Benson Boone Sorry I'm Here For Someone Else
33%
83. HUNTR/X What It Sounds Like
33%
82. Tate McRae Revolving Door
28%
45. Sabrina Carpenter Bed Chem
26%
52. Jessie Murph Blue Strips
26%
57. Jimin Who
26%
98. Kehlani Folded
25%
11. Morgan Wallen Love Somebody
25%
20. Kendrick Lamar Squabble Up
25%
58. Mariah The Scientist Burning Blue
23%
73. The Weeknd Cry For Me
23%
13. Morgan Wallen I'm The Problem
23%
62. (Tyler, The Creator), Lola Young Like Him
23%
70. Bad Bunny Baile Inolvidable
20%
76. SZA BMF
20%
72. Morgan Wallen, Post Malone I Ain't Comin' Back
20%
74. Teddy Swims Bad Dreams
18%
77. Bad Bunny EoO
18%
40. Morgan Wallen I Got Better
18%
81. Bobby Helms Jingle Bell Rock
18%
90. Morgan Wallen 20 Cigarettes
15%
66. Megan Moroney Am I Okay?
13%
18. Morgan Wallen Just In Case
13%
53. Kendrick Lamar, azchike peakaboo
13%
63. Chris Brown Residuals
13%
33. BigXthaPlug, Bailey Zimmerman All The Way
11%
96. Lil Tecca Dark Thoughts
11%
55. Koe Wetzel, Jessie Murph High Road
11%
91. Playboi Carti, The Weeknd Rather Lie
11%
71. Ella Langley Weren't For The Wind
11%
35. Riley Green Worst Way
11%
69. Russell Dickerson Happen To Me
10%
79. Jelly Roll I Am Not Okay
10%
49. Sam Barber, Avery Anna Indigo
10%
43. Zach Top I Never Lie
10%
97. Don Toliver No Pole
10%
64. Morgan Wallen Smile
10%
84. Brandon Lake, Jelly Roll Hard Fought Hallelujah
8%
85. PARTYNEXTDOOR, Drake Somebody Loves Me
8%
99. Morgan Wallen Superman
8%
88. Thomas Rhett After All The Bars Are Closed
7%
80. Bailey Zimmerman, Luke Combs Backup Plan
7%
95. Hudson Westbrook House Again
7%
100. Neton Vega Loco
7%
86. Jelly Roll Liar
5%
48. GloRilla, Sexyy Red Watchu Kno About Me
5%
94. Summer Walker Heart Of A Woman
3%
78. Cody Johnson, Carrie Underwood I'm Gonna Love You
3%
87. Óscar Maydon, Fuerza Regida Tu Boda
2%
No matching quizzes found
Score Distribution
Percent of People with Each Score
Percentile by Number Answered
Your Score History
You have not taken this quiz